Statystyki dla Kraje afrykańskie według 2 pierwszych liter

Kliknij tutaj aby rozwiązać quiz!

Ogólne statystyki

  • Ten quiz został rozwiązany 1 682 razy
  • Średni wynik to 35 z 54

Odpowiedzi na mapie

Odpowiedzi skodowane kolorowo w zielono-czerwonej skali na mapie do tego quizu, zgodnie z poniższymi procentami.
 

Statystyki odpowiedzi

kraj% Poprawnych
Madagaskar
94%
Malawi
94%
Mali
94%
Maroko
94%
Mauretania
94%
Mauritius
94%
Egipt
91%
Cabo Verde
89%
Poludniowej Afryki
86%
Algieria
85%
Republika
Środkowoafrykańska
85%
Demokratyczna
Republika Konga
84%
Liberia
78%
Libia
78%
Niger
78%
Nigeria
78%
Sudan
75%
Sudan Poludniowy
75%
Komory
73%
Kongo
73%
Tunezja
71%
Etiopia
69%
Somalia
69%
Czad
68%
Angola
66%
Senegal
64%
Seszele
64%
Côte d'Ivoire
62%
Wyspy Swietego
Tomasza i Ksiazeca
62%
Kenia
58%
Mozambik
56%
Zambia
56%
Erytrea
55%
Gwinea
55%
Gwinea Bissau
55%
Gwinea
Równikowa
55%
Gabon
54%
Gambia
54%
Zimbabwe
53%
Lesotho
52%
Tanzania
52%
Kamerun
51%
Botswana
50%
Namibia
50%
Ghana
49%
Burkina Faso
48%
Burundi
48%
Togo
47%
Benin
43%
Uganda
42%
Dzibuti
39%
Rwanda
37%
Eswatini
36%
Sierra Leone
34%

Rozkład punktacji

Percentyl według liczby udzielonych odpowiedzi

Procent ludzi z każdym wynikiem

Twoja historia wyników

Nie rozwiązałeś tego quizu